000 00338nam a2200133Ia 4500
008 240624s9999 xx 000 0 und d
041 _aeng
082 _a338.90091724 STE
100 _aSTREN NICHOLAS
245 _aSTRATEGY FOR DEVELOPMENT
260 _c2002
_aNew Delhi
_bWorld Bank
300 _avi, : 194 : p. : cm. ; 25
365 _c
_b30
999 _c5137
_d5137